<?xml version="1.0" encoding="UTF-8"?>
<record
    xmlns:xsi="http://www.w3.org/2001/XMLSchema-instance"
    xsi:schemaLocation="http://www.loc.gov/MARC21/slim http://www.loc.gov/standards/marcxml/schema/MARC21slim.xsd"
    xmlns="http://www.loc.gov/MARC21/slim">

  <leader>03876cam a2200337 i 4500</leader>
  <controlfield tag="001">a48800712</controlfield>
  <controlfield tag="003">SIRSI</controlfield>
  <controlfield tag="005">20260304140548.0</controlfield>
  <controlfield tag="008">250627t20252025fr            000 f fre d</controlfield>
  <datafield tag="020" ind1=" " ind2=" ">
    <subfield code="a">9782021591859</subfield>
    <subfield code="q">(paperback)</subfield>
  </datafield>
  <datafield tag="020" ind1=" " ind2=" ">
    <subfield code="a">2021591859</subfield>
    <subfield code="q">(paperback)</subfield>
  </datafield>
  <datafield tag="035" ind1=" " ind2=" ">
    <subfield code="a">(OCoLC)1534081360</subfield>
  </datafield>
  <datafield tag="040" ind1=" " ind2=" ">
    <subfield code="a">AUXAM</subfield>
    <subfield code="b">eng</subfield>
    <subfield code="e">rda</subfield>
    <subfield code="c">AUXAM</subfield>
    <subfield code="d">IND</subfield>
    <subfield code="d">YDX</subfield>
    <subfield code="d">OCLCO</subfield>
    <subfield code="d">PUL</subfield>
    <subfield code="d">OCLCQ</subfield>
    <subfield code="d">UPM</subfield>
    <subfield code="d">UtOrBLW</subfield>
  </datafield>
  <datafield tag="041" ind1=" " ind2=" ">
    <subfield code="a">French</subfield>
  </datafield>
  <datafield tag="050" ind1=" " ind2="4">
    <subfield code="a">PQ3989.2.M217</subfield>
    <subfield code="b">R36 2025</subfield>
  </datafield>
  <datafield tag="100" ind1=" " ind2=" ">
    <subfield code="a">Mabanckou, Alain, - 1966- author.</subfield>
    <subfield code="d">1966-</subfield>
    <subfield code="e">author.</subfield>
    <subfield code="1">https://id.oclc.org/worldcat/entity/E39PBJmP3CtvxyVyrfjcGdgYfq</subfield>
    <subfield code="0">http://id.loc.gov/authorities/names/no96008267</subfield>
    <subfield code="4">http://id.loc.gov/vocabulary/relators/aut</subfield>
  </datafield>
  <datafield tag="245" ind1="1" ind2="0">
    <subfield code="a">Rams&#xE8;s de Paris </subfield>
    <subfield code="b">: roman </subfield>
    <subfield code="c">/ Alain Mabanckou.</subfield>
  </datafield>
  <datafield tag="264" ind1=" " ind2="1">
    <subfield code="a">Paris :</subfield>
    <subfield code="b">Seuil,</subfield>
    <subfield code="c">[2025]</subfield>
  </datafield>
  <datafield tag="300" ind1=" " ind2=" ">
    <subfield code="a">256 pages ;</subfield>
    <subfield code="c">21 cm.</subfield>
  </datafield>
  <datafield tag="490" ind1="1" ind2=" ">
    <subfield code="a">Collection "Fiction &amp; Cie"</subfield>
  </datafield>
  <datafield tag="520" ind1=" " ind2=" ">
    <subfield code="a">"Le narrateur de ce roman, jeune &#xE9;crivain en herbe qui se fait volontiers appeler Berado prince de Zamunda, vit sous la coupe et dans l'ombre de son grand fr&#xE8;re des faubourgs de Pointe-Noire, un certain Beno&#xEE;t, qu'il est venu rejoindre &#xE0; Paris. Ce dernier, personnage fantasque, exerce sa verve dans le quartier de Ch&#xE2;teau Rouge. Tout n'est pas bien clair dans sa vie, sinon qu'il sait charmer, les dames en premier. Il accumule les aventures de tous ordres, jusqu'au jour o&#xF9; il s'engage avec Lilwenn, qu'il &#xE9;pouse bient&#xF4;t. Au grand d&#xE9;sarroi de maman Mushama, la tenanci&#xE8;re du restaurant Manioc Pays. Tout est r&#xE9;uni pour une embrouille. Mais les pistes se m&#xE9;langent. Berado cherche &#xE0; fausser les cartes, et pour imposer sa version des faits il se rend chez Rams&#xE8;s, le r&#xE9;ceptionniste et barman du Salam H&#xF4;tel, dans le XIe arrondissement. Son r&#xE9;cit commence, sans cesse interrompu, et bient&#xF4;t il plonge dans un &#xE9;trange flottement, entre r&#xEA;ve et r&#xE9;alit&#xE9;. Est-ce l'effet du th&#xE9; qu'on lui sert ? Dans ce roman &#xE0; la fois dr&#xF4;le et sarcastique, Alain Mabanckou offre les Mille et Une Nuits de l'exil africain, dont les personnages hauts en couleur sont parfois des sortes de Pieds nickel&#xE9;s. On s'y attache, on rit. On en redemande."--Page 4 of cover.</subfield>
  </datafield>
  <datafield tag="520" ind1=" " ind2=" ">
    <subfield code="a">The narrator of this novel, a budding young writer who rather likes to call himself Berado, Prince of Zamunda, lives under the influence and in the shadow of his older brother from the outskirts of Pointe-Noire, a certain Beno&#xEE;t, whom he has come to join in Paris. Beno&#xEE;t, an eccentric character, plies his wit and charm in the Ch&#xE2;teau Rouge district. Not much about his life is entirely clear, except that he knows how to charm people&#x2014;ladies first and foremost. He piles up adventures of every kind, until the day he commits himself to Lilwenn, whom he soon marries. Much to the dismay of Mama Mushama, the owner of the Manioc Pays restaurant. All the ingredients are there for trouble.

But the trail soon becomes tangled. Berado tries to stack the cards in his favour, and to impose his own version of events he goes to see Rams&#xE8;s, the receptionist and barman at the Salam Hotel in the 11th arrondissement. His story begins&#x2014;constantly interrupted&#x2014;and before long he slips into a strange state of suspension, somewhere between dream and reality. Is it the effect of the tea he is served?

In this novel, at once humorous and sharply sarcastic, Alain Mabanckou offers a kind of Arabian Nights of African exile, peopled with colourful characters who sometimes resemble lovable rogues. We grow fond of them, we laugh&#x2014;and we want more.</subfield>
  </datafield>
  <datafield tag="650" ind1=" " ind2="0">
    <subfield code="a">Africans &#x2014; France &#x2014; Fiction.</subfield>
    <subfield code="9">26782</subfield>
  </datafield>
  <datafield tag="650" ind1=" " ind2="0">
    <subfield code="a">Paris (France) &#x2014; Fiction.</subfield>
    <subfield code="9">26785</subfield>
  </datafield>
  <datafield tag="650" ind1=" " ind2="0">
    <subfield code="a">African diaspora &#x2014; Fiction.</subfield>
    <subfield code="9">26784</subfield>
  </datafield>
  <datafield tag="650" ind1=" " ind2="0">
    <subfield code="a">Immigrants &#x2014; France &#x2014; Fiction.</subfield>
    <subfield code="9">26783</subfield>
  </datafield>
  <datafield tag="655" ind1=" " ind2="0">
    <subfield code="a">Fiction</subfield>
    <subfield code="9">22716</subfield>
  </datafield>
  <datafield tag="655" ind1=" " ind2="0">
    <subfield code="a">French novels</subfield>
    <subfield code="9">23601</subfield>
  </datafield>
  <datafield tag="830" ind1=" " ind2="0">
    <subfield code="a">Fiction &amp; Cie.</subfield>
    <subfield code="0">http://id.loc.gov/authorities/names/n42011450</subfield>
  </datafield>
  <datafield tag="942" ind1=" " ind2=" ">
    <subfield code="2">lcc</subfield>
  </datafield>
  <datafield tag="952" ind1=" " ind2=" ">
    <subfield code="0">0</subfield>
    <subfield code="1">0</subfield>
    <subfield code="2">lcc</subfield>
    <subfield code="4">0</subfield>
    <subfield code="7">0</subfield>
    <subfield code="a">TBS</subfield>
    <subfield code="b">TBS</subfield>
    <subfield code="d">2026-03-04</subfield>
    <subfield code="l">0</subfield>
    <subfield code="r">2026-03-04</subfield>
    <subfield code="t">1</subfield>
    <subfield code="w">2026-03-04</subfield>
    <subfield code="y">1</subfield>
    <subfield code="z">SOON AVAILABLE</subfield>
  </datafield>
  <datafield tag="999" ind1=" " ind2=" ">
    <subfield code="c">5376</subfield>
    <subfield code="d">5376</subfield>
  </datafield>
</record>
